| 000 | 00380nam a2200157Ia 4500 | ||
|---|---|---|---|
| 003 | Ost | ||
| 005 | 20260225132540.0 | ||
| 008 | 260225s9999||||xx |||||||||||||| ||und|| | ||
| 040 | _cfsic | ||
| 041 | _afre | ||
| 082 | _a330.9 | ||
| 100 |
_aNadine toussaint des moulins _eAuteur |
||
| 245 | 0 | _aL'economie des médias / | |
| 245 | 0 | _cNadine toussaint des moulins | |
| 942 | _cكتاب | ||
| 999 |
_c33477 _d33477 |
||